[Event "Masgistral Bicentenario Villa Martelli"]
[Site "Villa Martelli ARG"]
[Date "2010.08.04"]
[Round "1.1"]
[White "Fier, Alexandr"]
[Black "Flores, Diego"]
[Result "1/2-1/2"]
[WhiteElo "2570"]
[BlackElo "2584"]
[PlyCount "42"]
[EventDate "2010.08.04"]
[EventType "tourn"]
[EventRounds "9"]
[EventCountry "ARG"]
[EventCategory "13"]
[Source "lmi"]
[SourceDate "2010.08.04"]

1. d4 Nf6 2. c4 c5 3. d5 e5 4. Nc3 d6 5. e4 Nbd7 6. Bd3 Be7 7. Nge2 O-O 8. Ng3
Ne8 9. h4 g6 10. h5 Bg5 11. Qg4 Bxc1 12. Rxc1 Ng7 13. h6 Ne8 14. Qh4 Qxh4 15.
Rxh4 a6 16. a4 Kh8 17. a5 Rb8 18. Kd2 Nef6 19. Nf1 b6 20. Ne3 bxa5 21. Kc2 Ng8
1/2-1/2

[Event "Masgistral Bicentenario Villa Martelli"]
[Site "Villa Martelli ARG"]
[Date "2010.08.04"]
[Round "1.2"]
[White "Valerga, Diego"]
[Black "Diaz Hollemaert, Nahuel"]
[Result "1-0"]
[WhiteElo "2506"]
[BlackElo "2474"]
[PlyCount "70"]
[EventDate "2010.08.04"]
[EventType "tourn"]
[EventRounds "9"]
[EventCountry "ARG"]
[EventCategory "13"]
[Source "lmi"]
[SourceDate "2010.08.04"]

1. d4 Nf6 2. c4 e6 3. Nc3 Bb4 4. Qc2 O-O 5. a3 Bxc3+ 6. Qxc3 Qe8 7. f3 d6 8.
Bg5 Nfd7 9. e4 e5 10. Ne2 f5 11. dxe5 fxe4 12. exd6 Nc5 13. O-O-O Nd3+ 14. Rxd3
exd3 15. Ng3 cxd6 16. Bxd3 Nc6 17. Re1 Ne5 18. Bc2 Qc6 19. Be4 Qc7 20. f4 Qxc4
21. fxe5 Qxc3+ 22. bxc3 dxe5 23. Bd5+ Kh8 24. Rxe5 Bd7 25. Bxb7 Rab8 26. Bd5
Be8 27. Be7 Rf2 28. Bc5 Rf6 29. Bxa7 Rc8 30. Bd4 Bf7 31. Bxf7 Rxf7 32. Nf5 Ra8
33. Rd5 Kg8 34. Bxg7 Rb7 35. Bd4 Rb3 1-0

[Event "Masgistral Bicentenario Villa Martelli"]
[Site "Villa Martelli ARG"]
[Date "2010.08.04"]
[Round "1.3"]
[White "Rodriguez Vila, Andres"]
[Black "Morovic Fernandez, Ivan"]
[Result "1-0"]
[WhiteElo "2508"]
[BlackElo "2566"]
[PlyCount "99"]
[EventDate "2010.08.04"]
[EventType "tourn"]
[EventRounds "9"]
[EventCountry "ARG"]
[EventCategory "13"]
[Source "lmi"]
[SourceDate "2010.08.04"]

1. e4 d6 2. d4 Nf6 3. f3 e5 4. dxe5 dxe5 5. Qxd8+ Kxd8 6. Bc4 Ke8 7. Be3 Nfd7
8. Nd2 Nb6 9. Be2 Nc6 10. c3 Be6 11. Nh3 f6 12. Nf2 Na5 13. b3 c5 14. O-O-O Be7
15. g3 Kf7 16. f4 exf4 17. gxf4 Rhd8 18. f5 Bd7 19. Nd3 c4 20. Nf4 cxb3 21.
axb3 Rac8 22. Kb2 Bd6 23. Nf3 Bxf4 24. Bxf4 Re8 25. Bd3 Nxb3 26. Kxb3 Ba4+ 27.
Kb4 a5+ 28. Kxa5 Bxd1 29. Rxd1 Nc4+ 30. Kb4 Nb2 31. Bc2 Nxd1 32. Bb3+ Ke7 33.
Bxd1 Ra8 34. Nd4 Ra1 35. Bc2 Rea8 36. e5 Rf1 37. Bg3 fxe5 38. Bxe5 Ra2 39. Bxg7
Rxc2 40. f6+ Kf7 41. Nxc2 Rf2 42. Ne3 Rxh2 43. Nc4 Re2 44. Nd6+ Kg6 45. Bh8 h5
46. f7 Rf2 47. c4 h4 48. Be5 Kh5 49. c5 Kg4 50. Kb5 1-0

[Event "Masgistral Bicentenario Villa Martelli"]
[Site "Villa Martelli ARG"]
[Date "2010.08.04"]
[Round "1.4"]
[White "Leitao, Rafael"]
[Black "Bachmann, Axel"]
[Result "0-1"]
[WhiteElo "2629"]
[BlackElo "2552"]
[PlyCount "74"]
[EventDate "2010.08.04"]
[EventType "tourn"]
[EventRounds "9"]
[EventCountry "ARG"]
[EventCategory "13"]
[Source "lmi"]
[SourceDate "2010.08.04"]

1. d4 g6 2. Nf3 Bg7 3. c4 Nf6 4. g3 O-O 5. Bg2 d6 6. O-O Nbd7 7. Nc3 e5 8. e4
exd4 9. Nxd4 Re8 10. h3 a6 11. Re1 Ne5 12. b3 c5 13. Nc2 Nc6 14. Rb1 Be6 15.
Nd5 b5 16. Bg5 Bxd5 17. cxd5 Ne5 18. Qd2 Rc8 19. a4 c4 20. Nb4 c3 21. Qc2 Qa5
22. Nc6 Nxc6 23. dxc6 bxa4 24. e5 Rxe5 25. Rxe5 Qxe5 26. Bf4 Qc5 27. Be3 Qf5
28. Qxf5 gxf5 29. bxa4 d5 30. Rb6 c2 31. Bc1 Ne4 32. Bf1 Bd4 33. Bxa6 Bxf2+ 34.
Kf1 Bxb6 35. Bxc8 Nc5 36. Bxf5 Nb3 37. Bxc2 Nxc1 0-1

[Event "Masgistral Bicentenario Villa Martelli"]
[Site "Villa Martelli ARG"]
[Date "2010.08.04"]
[Round "1.5"]
[White "Milos, Gilberto"]
[Black "Felgaer, Ruben"]
[Result "1/2-1/2"]
[WhiteElo "2606"]
[BlackElo "2584"]
[PlyCount "96"]
[EventDate "2010.08.04"]
[EventType "tourn"]
[EventRounds "9"]
[EventCountry "ARG"]
[EventCategory "13"]
[Source "lmi"]
[SourceDate "2010.08.04"]

1. e4 d6 2. d4 Nf6 3. f3 c5 4. d5 e6 5. c4 b5 6. cxb5 exd5 7. exd5 Be7 8. Ne2
Nbd7 9. Nec3 Nb6 10. Na3 Bb7 11. Bc4 O-O 12. O-O Ne8 13. Bf4 Nc7 14. Qb3 Bf6
15. Rad1 Bxc3 16. bxc3 Qf6 17. Bg3 Rfe8 18. Nc2 h5 19. Rfe1 h4 20. Bf2 h3 21.
Bg3 hxg2 22. Kxg2 Rxe1 23. Nxe1 Re8 24. Kf2 Re4 25. Bf1 Bxd5 26. Qc2 Ra4 27. c4
Rb4 28. Qc1 Nxc4 29. a3 Rb2+ 30. Kg1 Nxa3 31. Qa1 Naxb5 32. Nd3 Ra2 33. Qxf6
gxf6 34. Nxc5 Bxf3 35. Rd3 Be2 36. Bxe2 Rxe2 37. Bxd6 Ne6 38. Nd7 Nxd6 39. Rxd6
a5 40. Ra6 Ra2 41. Nxf6+ Kg7 42. Ne8+ Kf8 43. Nd6 Ke7 44. h4 Nf4 45. Nf5+ Ke8
46. Ra7 f6 47. Nd6+ Kd8 48. Rxa5 Rxa5 1/2-1/2

[Event "Masgistral Bicentenario Villa Martelli"]
[Site "Villa Martelli ARG"]
[Date "2010.08.05"]
[Round "2.1"]
[White "Flores, Diego"]
[Black "Felgaer, Ruben"]
[Result "1/2-1/2"]
[WhiteElo "2584"]
[BlackElo "2584"]
[PlyCount "60"]
[EventDate "2010.08.04"]
[EventType "tourn"]
[EventRounds "9"]
[EventCountry "ARG"]
[EventCategory "13"]
[Source "lmi"]
[SourceDate "2010.08.04"]

1. c4 e5 2. Nc3 Nf6 3. Nf3 Nc6 4. d4 exd4 5. Nxd4 Bb4 6. Bg5 h6 7. Bh4 Bxc3+ 8.
bxc3 Ne5 9. f4 Ng6 10. Bxf6 Qxf6 11. g3 O-O 12. Bg2 d6 13. O-O Re8 14. e4 Nf8
15. Qd2 Be6 16. Qe2 Bd7 17. Rae1 c5 18. e5 Qe7 19. Nb5 Bxb5 20. cxb5 Rad8 21.
Qf2 Qd7 22. c4 dxe5 23. fxe5 Ne6 24. Bd5 Qc7 25. Qf5 Rd7 26. Qg4 Rde7 27. Rf2
Nd8 28. Qf4 Ne6 29. Qg4 Nd8 30. Qf4 Ne6 1/2-1/2

[Event "Masgistral Bicentenario Villa Martelli"]
[Site "Villa Martelli ARG"]
[Date "2010.08.05"]
[Round "2.2"]
[White "Bachmann, Axel"]
[Black "Milos, Gilberto"]
[Result "1/2-1/2"]
[WhiteElo "2552"]
[BlackElo "2606"]
[PlyCount "61"]
[EventDate "2010.08.04"]
[EventType "tourn"]
[EventRounds "9"]
[EventCountry "ARG"]
[EventCategory "13"]
[Source "lmi"]
[SourceDate "2010.08.04"]

1. e4 c5 2. Nf3 Nc6 3. d4 cxd4 4. Nxd4 Nf6 5. Nc3 d6 6. h3 g6 7. Be3 Bg7 8. g4
O-O 9. Bg2 Nxd4 10. Bxd4 Qa5 11. Qd2 Be6 12. O-O Rac8 13. Rad1 b6 14. Rfe1 Nd7
15. Nd5 Bxd5 16. Qxa5 bxa5 17. Bxg7 Kxg7 18. Rxd5 Rxc2 19. Rxa5 Rxb2 20. Rxa7
Ne5 21. Rxe7 Rc8 22. a4 Rcc2 23. Rf1 Ra2 24. Ra7 Rd2 25. g5 h6 26. h4 hxg5 27.
hxg5 Kf8 28. Ra8+ Kg7 29. Ra7 Nc6 30. Ra8 Ne5 31. Ra7 1/2-1/2

[Event "Masgistral Bicentenario Villa Martelli"]
[Site "Villa Martelli ARG"]
[Date "2010.08.05"]
[Round "2.4"]
[White "Diaz Hollemaert, Nahuel"]
[Black "Rodriguez Vila, Andres"]
[Result "0-1"]
[WhiteElo "2474"]
[BlackElo "2508"]
[PlyCount "103"]
[EventDate "2010.08.04"]
[EventType "tourn"]
[EventRounds "9"]
[EventCountry "ARG"]
[EventCategory "13"]
[Source "lmi"]
[SourceDate "2010.08.04"]

1. Nf3 d6 2. d4 f5 3. g3 Nf6 4. Bg2 g6 5. O-O Bg7 6. b3 O-O 7. Bb2 c6 8. Nbd2
h6 9. Ne1 g5 10. Nd3 Na6 11. e4 fxe4 12. Nxe4 Bf5 13. Qe2 Qd7 14. f4 g4 15.
Rfe1 Nc7 16. Rad1 Rfe8 17. c4 Rab8 18. Nc3 Nh7 19. Nf2 h5 20. Rd2 b6 21. d5 c5
22. Qd1 a6 23. Nce4 Bxb2 24. Rxb2 b5 25. Rd2 bxc4 26. bxc4 Rb4 27. Bf1 Reb8 28.
h3 Rb1 29. Qxb1 Rxb1 30. Rxb1 gxh3 31. Rb7 h4 32. Kh2 Bxe4 33. Nxe4 Qf5 34. Bd3
Qg4 35. Rxc7 Nf6 36. Nxf6+ exf6 37. Re2 hxg3+ 38. Kg1 Kf8 39. Rb7 h2+ 40. Kg2
h1=Q+ 41. Kxh1 Qf3+ 42. Kg1 Qxd3 43. Ree7 Qd4+ 44. Kg2 Qf2+ 45. Kh3 Qh2+ 46.
Kg4 g2 47. Rf7+ Kg8 48. Rg7+ Kh8 49. Kf5 Qh3+ 50. Kxf6 Qh6+ 51. Rg6 Qxf4+ 52.
Ke6 0-1

[Event "Masgistral Bicentenario Villa Martelli"]
[Site "Villa Martelli ARG"]
[Date "2010.08.05"]
[Round "2.5"]
[White "Fier, Alexandr"]
[Black "Valerga, Diego"]
[Result "1-0"]
[WhiteElo "2570"]
[BlackElo "2506"]
[PlyCount "105"]
[EventDate "2010.08.04"]
[EventType "tourn"]
[EventRounds "9"]
[EventCountry "ARG"]
[EventCategory "13"]
[Source "lmi"]
[SourceDate "2010.08.04"]

1. e4 c5 2. Nf3 e6 3. d4 cxd4 4. Nxd4 Nf6 5. Nc3 d6 6. g4 h6 7. h4 Nc6 8. Rg1
d5 9. exd5 Nxd5 10. Nxd5 Qxd5 11. Bg2 Qe5+ 12. Be3 Bd7 13. Nxc6 Bxc6 14. Bxc6+
bxc6 15. Qd4 Qxd4 16. Bxd4 c5 17. Bc3 Rd8 18. Ke2 f6 19. h5 Bd6 20. Rad1 Ke7
21. Rd3 Bc7 22. Rgd1 Rxd3 23. Rxd3 Rb8 24. b3 Bd6 25. Re3 c4 26. Bd4 e5 27.
bxc4 Rb4 28. Kd3 Ra4 29. Re1 Rxa2 30. Be3 Ke6 31. Rb1 e4+ 32. Kxe4 Rxc2 33. Kd3
Ra2 34. Rb7 Ra3+ 35. Ke2 Rc3 36. Rxa7 Rxc4 37. Rxg7 Bf4 38. Kf3 Bg5 39. Bxg5
hxg5 40. h6 Rc3+ 41. Kg2 Rc4 42. Kg3 Rc3+ 43. Kh2 Rc8 44. h7 Rh8 45. Kg3 f5 46.
Rxg5 fxg4 47. Rh5 Kf6 48. Kxg4 Kg6 49. Rh3 Kf6 50. Rh6+ Kg7 51. Kg5 Kf7 52. Rh4
Kg7 53. Rh3 1-0

[Event "Masgistral Bicentenario Villa Martelli"]
[Site "Villa Martelli ARG"]
[Date "2010.08.06"]
[Round "3.1"]
[White "Valerga, Diego"]
[Black "Flores, Diego"]
[Result "0-1"]
[WhiteElo "2506"]
[BlackElo "2584"]
[PlyCount "84"]
[EventDate "2010.08.04"]
[EventType "tourn"]
[EventRounds "9"]
[EventCountry "ARG"]
[EventCategory "13"]
[Source "lmi"]
[SourceDate "2010.08.04"]

1. d4 Nf6 2. c4 e6 3. Nc3 Bb4 4. Qc2 c5 5. dxc5 O-O 6. Nf3 Nc6 7. a3 Bxc5 8.
Bg5 h6 9. Bh4 Be7 10. O-O-O d5 11. e3 a6 12. Kb1 Ne4 13. Nxe4 Bxh4 14. Nc3 Bf6
15. cxd5 exd5 16. Nxd5 Be6 17. Bc4 Na5 18. Nxf6+ Qxf6 19. Bxe6 fxe6 20. Rd6
Rac8 21. Qe4 Rfe8 22. Rc1 Rxc1+ 23. Kxc1 b5 24. Kb1 Nc4 25. Rd4 Kh8 26. Ka2 e5
27. Rd1 Qf7 28. Ka1 Qe7 29. Nh4 Qf6 30. Ng6+ Kg8 31. f4 Nxb2 32. Rd5 Nc4 33.
Nxe5 Nxa3 34. Rd4 Nc4 35. Qd5+ Kh8 36. Qd7 Rf8 37. Ng4 Qb6 38. Qe7 Qa5+ 39. Kb1
Rc8 40. Rxc4 Qe1+ 41. Kb2 Qe2+ 42. Ka1 Qxc4 0-1

[Event "Masgistral Bicentenario Villa Martelli"]
[Site "Villa Martelli ARG"]
[Date "2010.08.06"]
[Round "3.2"]
[White "Rodriguez Vila, Andres"]
[Black "Fier, Alexandr"]
[Result "1-0"]
[WhiteElo "2508"]
[BlackElo "2570"]
[PlyCount "89"]
[EventDate "2010.08.04"]
[EventType "tourn"]
[EventRounds "9"]
[EventCountry "ARG"]
[EventCategory "13"]
[Source "lmi"]
[SourceDate "2010.08.04"]

1. e4 c5 2. Nf3 d6 3. c3 Nf6 4. h3 Nc6 5. Bd3 g5 6. Bc2 g4 7. hxg4 Bxg4 8. d3
Nd7 9. Be3 Bg7 10. Nbd2 b5 11. Qc1 b4 12. Ba4 bxc3 13. bxc3 Rc8 14. Nc4 Nb6 15.
Nxb6 Qxb6 16. Bh6 Bxh6 17. Rxh6 Qa6 18. Qc2 Kf8 19. Bxc6 Rxc6 20. Ng5 f6 21.
Rh4 h5 22. Nh3 Bxh3 23. Rxh3 Rb6 24. Kf1 Qa3 25. d4 Rb2 26. Qc1 Qa6+ 27. Kg1
Rxa2 28. Rb1 Kf7 29. e5 dxe5 30. dxe5 Qe2 31. Rf3 Qxe5 32. Re3 Qd5 33. Qe1 e5
34. c4 Qc6 35. Qd1 Ke6 36. Rd3 Qe4 37. Rd6+ Kf5 38. Rb3 Re2 39. Rf3+ Kg5 40.
Rg3+ Kh4 41. Rh3+ Kg5 42. Qc1+ Qf4 43. Rg3+ Kh4 44. Qf1 Rc2 45. Rg6 1-0

[Event "Masgistral Bicentenario Villa Martelli"]
[Site "Villa Martelli ARG"]
[Date "2010.08.06"]
[Round "3.3"]
[White "Leitao, Rafael"]
[Black "Diaz Hollemaert, Nahuel"]
[Result "1-0"]
[WhiteElo "2629"]
[BlackElo "2474"]
[PlyCount "79"]
[EventDate "2010.08.04"]
[EventType "tourn"]
[EventRounds "9"]
[EventCountry "ARG"]
[EventCategory "13"]
[Source "lmi"]
[SourceDate "2010.08.04"]

1. d4 Nf6 2. Nf3 e6 3. c4 b6 4. g3 Bb7 5. Bg2 Bb4+ 6. Bd2 a5 7. O-O O-O 8. Bf4
Be7 9. Nc3 Ne4 10. Qc2 Nxc3 11. Qxc3 d6 12. Rfe1 Nd7 13. Qc2 f5 14. e4 g5 15.
Bc1 f4 16. h4 g4 17. Nh2 e5 18. Nxg4 Bxh4 19. Nh6+ Kh8 20. Nf5 Bg5 21. dxe5
dxe5 22. Rd1 Qe8 23. b3 Rd8 24. Bb2 Qg6 25. Rd3 Nc5 26. Bxe5+ Kg8 27. Rxd8 Rxd8
28. Bxf4 Bf6 29. Rd1 Rxd1+ 30. Qxd1 Nxe4 31. Qd7 Nc5 32. Ne7+ Bxe7 33. Qxe7
Bxg2 34. Qd8+ Kf7 35. Qxc7+ Kg8 36. Kxg2 Qe4+ 37. Kh2 Nd3 38. Qd8+ Kg7 39. Be3
Ne1 40. Qd4+ 1-0

[Event "Masgistral Bicentenario Villa Martelli"]
[Site "Villa Martelli ARG"]
[Date "2010.08.06"]
[Round "3.4"]
[White "Milos, Gilberto"]
[Black "Morovic Fernandez, Ivan"]
[Result "0-1"]
[WhiteElo "2606"]
[BlackElo "2566"]
[PlyCount "50"]
[EventDate "2010.08.04"]
[EventType "tourn"]
[EventRounds "9"]
[EventCountry "ARG"]
[EventCategory "13"]
[Source "lmi"]
[SourceDate "2010.08.04"]

1. e4 e6 2. d4 d5 3. e5 c5 4. c3 Nc6 5. Nf3 Nge7 6. Bd3 cxd4 7. cxd4 Nf5 8.
Bxf5 exf5 9. Nc3 Be6 10. Be3 Be7 11. h4 h6 12. h5 Rc8 13. O-O g5 14. hxg6 fxg6
15. Ne1 g5 16. f4 g4 17. g3 h5 18. Nd3 h4 19. gxh4 Bc5 20. Kg2 Bxd4 21. Bxd4
Nxd4 22. Qa4+ Kf7 23. Rh1 Rc4 24. Qxa7 Nc2 25. Nc5 Nxa1 0-1

[Event "Masgistral Bicentenario Villa Martelli"]
[Site "Villa Martelli ARG"]
[Date "2010.08.08"]
[Round "4.1"]
[White "Flores, Diego"]
[Black "Bachmann, Axel"]
[Result "1-0"]
[WhiteElo "2584"]
[BlackElo "2552"]
[PlyCount "177"]
[EventDate "2010.08.04"]
[EventType "tourn"]
[EventRounds "9"]
[EventCountry "ARG"]
[EventCategory "13"]
[Source "lmi"]
[SourceDate "2010.08.04"]

1. c4 e5 2. Nc3 Nc6 3. g3 f5 4. Bg2 Nf6 5. e3 d5 6. cxd5 Nb4 7. d3 Nfxd5 8.
Nxd5 Nxd5 9. Nf3 Bd6 10. O-O Nb6 11. e4 O-O 12. exf5 Qf6 13. Ng5 Bxf5 14. Bxb7
Rad8 15. Bg2 Qg6 16. Ne4 Kh8 17. Be3 a5 18. Bd2 a4 19. Qc2 Bg4 20. Ba5 Be6 21.
a3 Bb3 22. Qe2 Rf7 23. Rac1 Bf8 24. h4 h6 25. Bc3 Re8 26. Kh2 Rd7 27. h5 Qf7
28. f4 exf4 29. Rxf4 Qg8 30. Qg4 Rxd3 31. Qg6 Re6 32. Nf6 gxf6 33. Qxd3 Qf7 34.
Qf5 Nd7 35. Re4 Bd6 36. Rxe6 Bxe6 37. Qg6 Qxg6 38. hxg6 Ne5 39. Be4 Kg7 40. Kg2
f5 41. Bc6 Kxg6 42. Re1 Kf6 43. Kf2 Bb3 44. Bb5 Ke6 45. Be2 Kd5 46. Rh1 Nf7 47.
Bd3 Be5 48. Bxe5 Nxe5 49. Be2 Nf7 50. Ke3 c5 51. Bd1 Nd6 52. Bf3+ Ke5 53. Be2
Ne4 54. g4 f4+ 55. Kf3 Ng5+ 56. Kf2 f3 57. Bd3 Kf4 58. Bf5 Nf7 59. Rh5 c4 60.
Rh1 Ng5 61. Rxh6 Bd1 62. Rh8 Bb3 63. Rh1 Nf7 64. Rc1 Ng5 65. Rc3 Nh3+ 66. Kf1
Bd1 67. Rxc4+ Kg3 68. Re4 Nf4 69. Rxf4 Kxf4 70. Kf2 Bb3 71. Bd7 Bd1 72. Be6 Ke5
73. Bc8 Kf4 74. Bd7 Bb3 75. Bf5 Bd1 76. Bc8 Be2 77. Be6 Bb5 78. Bf5 Bc6 79. Bc8
Bd5 80. Bd7 Bb3 81. g5 Bc2 82. g6 Bxg6 83. Bxa4 Be4 84. Bd1 Bd5 85. b4 Bc6 86.
a4 Ke5 87. a5 Kd6 88. Bxf3 Bb5 89. Ke3 1-0

[Event "Masgistral Bicentenario Villa Martelli"]
[Site "Villa Martelli ARG"]
[Date "2010.08.08"]
[Round "4.2"]
[White "Morovic Fernandez, Ivan"]
[Black "Felgaer, Ruben"]
[Result "1/2-1/2"]
[WhiteElo "2566"]
[BlackElo "2584"]
[PlyCount "108"]
[EventDate "2010.08.04"]
[EventType "tourn"]
[EventRounds "9"]
[EventCountry "ARG"]
[EventCategory "13"]
[Source "lmi"]
[SourceDate "2010.08.04"]

1. d4 d5 2. c4 c6 3. cxd5 cxd5 4. Nc3 Nf6 5. Bf4 Nc6 6. e3 Bf5 7. Nf3 e6 8. Qb3
Bb4 9. Ne5 Qe7 10. Bb5 Rc8 11. Nxc6 bxc6 12. Ba6 Rd8 13. O-O O-O 14. Ne2 Ne4
15. Rfc1 g5 16. Be5 f6 17. Bc7 Qxc7 18. Qxb4 Rb8 19. Qa3 Rb6 20. Bd3 Nd6 21.
Bxf5 Nxf5 22. Rc2 e5 23. Qc5 Qd7 24. dxe5 fxe5 25. e4 Ng7 26. Qe3 Qe7 27. Rac1
d4 28. Qd3 Qf7 29. Qg3 h5 30. Rf1 h4 31. Qa3 Ne6 32. Nc1 Nf4 33. Nd3 Nxd3 34.
Qxd3 Qxa2 35. Qd2 Rf4 36. g3 Qe6 37. Ra1 Qg4 38. Rxa7 Rxe4 39. Ra8+ Kh7 40.
Ra7+ Kh6 41. Rf7 Qe6 42. Rc7 h3 43. f3 Re3 44. Qc1 c5 45. R2xc5 Rd6 46. R7c6
Rxc6 47. Rxc6 Re1+ 48. Qxe1 Qxc6 49. Qxe5 Qc1+ 50. Kf2 Qc2+ 51. Ke1 Qc1+ 52.
Kf2 Qc2+ 53. Ke1 Qb1+ 54. Kf2 Qc2+ 1/2-1/2

[Event "Masgistral Bicentenario Villa Martelli"]
[Site "Villa Martelli ARG"]
[Date "2010.08.08"]
[Round "4.3"]
[White "Diaz Hollemaert, Nahuel"]
[Black "Milos, Gilberto"]
[Result "0-1"]
[WhiteElo "2474"]
[BlackElo "2606"]
[PlyCount "98"]
[EventDate "2010.08.04"]
[EventType "tourn"]
[EventRounds "9"]
[EventCountry "ARG"]
[EventCategory "13"]
[Source "lmi"]
[SourceDate "2010.08.04"]

1. Nf3 Nf6 2. c4 g6 3. g3 Bg7 4. Bg2 O-O 5. O-O d5 6. Na3 Nc6 7. d4 dxc4 8.
Nxc4 Be6 9. b3 Bd5 10. e3 a5 11. a4 e6 12. Qe2 Re8 13. Bb2 Nb4 14. Rfd1 Qb8 15.
Bf1 b6 16. Nfd2 Qb7 17. f3 Qa7 18. e4 Bb7 19. Nb1 Red8 20. Nc3 c6 21. Qf2 Ne8
22. e5 f5 23. exf6 Nxf6 24. Ne5 Rf8 25. Re1 Rad8 26. Bc4 Nfd5 27. Ne4 Ba8 28.
f4 Qe7 29. Ng5 Bb7 30. Qg2 Bf6 31. h4 Rde8 32. Ba3 c5 33. Bxb4 axb4 34. Qh3
Bxg5 35. hxg5 cxd4 36. Ra2 Ne3 37. Nxg6 hxg6 38. Rh2 Qg7 39. Bxe6+ Rf7 40. Rc1
Nf5 41. Bxf7+ Kxf7 42. Qf1 Nd6 43. Rc7+ Re7 44. Qc1 Kg8 45. Rxe7 Qxe7 46. Kf1
Nf5 47. Qc4+ Kg7 48. Qd3 Be4 49. Qc4 Ne3+ 0-1

[Event "Masgistral Bicentenario Villa Martelli"]
[Site "Villa Martelli ARG"]
[Date "2010.08.08"]
[Round "4.4"]
[White "Fier, Alexandr"]
[Black "Leitao, Rafael"]
[Result "1/2-1/2"]
[WhiteElo "2570"]
[BlackElo "2629"]
[PlyCount "39"]
[EventDate "2010.08.04"]
[EventType "tourn"]
[EventRounds "9"]
[EventCountry "ARG"]
[EventCategory "13"]
[Source "lmi"]
[SourceDate "2010.08.04"]

1. e4 e5 2. Nf3 Nc6 3. Bb5 Nf6 4. O-O Nxe4 5. Re1 Nd6 6. Nxe5 Nxe5 7. Rxe5+ Be7
8. Bf1 O-O 9. d4 Bf6 10. Re1 Nf5 11. c3 d5 12. Nd2 Nh4 13. g3 Ng6 14. Nf3 Qd6
15. Bg2 Bf5 16. Bg5 Be4 17. Bxf6 Qxf6 18. Ne5 Bxg2 19. Kxg2 Rfe8 20. Nxg6
1/2-1/2

[Event "Masgistral Bicentenario Villa Martelli"]
[Site "Villa Martelli ARG"]
[Date "2010.08.08"]
[Round "4.5"]
[White "Valerga, Diego"]
[Black "Rodriguez Vila, Andres"]
[Result "1/2-1/2"]
[WhiteElo "2506"]
[BlackElo "2508"]
[PlyCount "29"]
[EventDate "2010.08.04"]
[EventType "tourn"]
[EventRounds "9"]
[EventCountry "ARG"]
[EventCategory "13"]
[Source "lmi"]
[SourceDate "2010.08.04"]

1. e4 e5 2. Nf3 Nf6 3. Nxe5 d6 4. Nf3 Nxe4 5. Nc3 Nxc3 6. dxc3 Be7 7. Be3 Nc6
8. Qd2 Ne5 9. O-O-O Nxf3 10. gxf3 Bf6 11. f4 Bd7 12. Bg2 Bc6 13. Bxc6+ bxc6 14.
Qe2 O-O 15. Qf3 1/2-1/2

[Event "Masgistral Bicentenario Villa Martelli"]
[Site "Villa Martelli ARG"]
[Date "2010.08.08"]
[Round "5.1"]
[White "Rodriguez Vila, Andres"]
[Black "Flores, Diego"]
[Result "1/2-1/2"]
[WhiteElo "2508"]
[BlackElo "2584"]
[PlyCount "25"]
[EventDate "2010.08.04"]
[EventType "tourn"]
[EventRounds "9"]
[EventCountry "ARG"]
[EventCategory "13"]
[Source "lmi"]
[SourceDate "2010.08.04"]

1. c4 e5 2. Nc3 Nf6 3. g3 d5 4. cxd5 Nxd5 5. Bg2 Nb6 6. Nf3 Nc6 7. O-O Be7 8.
a3 O-O 9. b4 Be6 10. d3 f6 11. Ne4 Qd7 12. Be3 Rfd8 13. Nc5 1/2-1/2

[Event "Masgistral Bicentenario Villa Martelli"]
[Site "Villa Martelli ARG"]
[Date "2010.08.08"]
[Round "5.3"]
[White "Milos, Gilberto"]
[Black "Fier, Alexandr"]
[Result "1/2-1/2"]
[WhiteElo "2606"]
[BlackElo "2570"]
[PlyCount "42"]
[EventDate "2010.08.04"]
[EventType "tourn"]
[EventRounds "9"]
[EventCountry "ARG"]
[EventCategory "13"]
[Source "lmi"]
[SourceDate "2010.08.04"]

1. e4 e5 2. Nf3 Nc6 3. Bb5 a6 4. Ba4 Nf6 5. O-O Be7 6. Re1 b5 7. Bb3 O-O 8. c3
d5 9. exd5 Nxd5 10. Nxe5 Nxe5 11. Rxe5 c6 12. d4 Bd6 13. Re1 Qh4 14. g3 Qh3 15.
Be3 Bg4 16. Qd3 Rae8 17. Nd2 Qh5 18. a4 Bf5 19. Qf1 Bh3 20. Qe2 Bg4 21. Qd3 Bf5
1/2-1/2

[Event "Masgistral Bicentenario Villa Martelli"]
[Site "Villa Martelli ARG"]
[Date "2010.08.08"]
[Round "5.4"]
[White "Felgaer, Ruben"]
[Black "Diaz Hollemaert, Nahuel"]
[Result "1-0"]
[WhiteElo "2584"]
[BlackElo "2474"]
[PlyCount "79"]
[EventDate "2010.08.04"]
[EventType "tourn"]
[EventRounds "9"]
[EventCountry "ARG"]
[EventCategory "13"]
[Source "lmi"]
[SourceDate "2010.08.04"]

1. e4 e5 2. Nf3 Nc6 3. Bb5 a6 4. Ba4 Nf6 5. O-O Be7 6. Re1 b5 7. Bb3 d6 8. c3
O-O 9. a3 Re8 10. d4 Bf8 11. Nbd2 Bb7 12. Ba2 h6 13. b4 Nb8 14. Qb3 Re7 15. Bb2
Nbd7 16. Rad1 exd4 17. cxd4 Qe8 18. d5 Nxe4 19. Nxe4 Rxe4 20. Bb1 f5 21. Bxe4
fxe4 22. Nd2 Nb6 23. Nxe4 Qf7 24. Nc3 Be7 25. Rd3 Bf6 26. Ne4 Bxb2 27. Qxb2 Re8
28. Rf3 Qd7 29. Rg3 Nxd5 30. h3 Kh8 31. Kh2 Rf8 32. Qd4 Nb6 33. Nxd6 Nc4 34.
Nf5 Qxd4 35. Nxd4 Rf7 36. Re8+ Kh7 37. Ne6 Nd6 38. Rb8 Bc8 39. Re3 Rxf2 40.
Nxc7 1-0

[Event "Masgistral Bicentenario Villa Martelli"]
[Site "Villa Martelli ARG"]
[Date "2010.08.08"]
[Round "5.5"]
[White "Bachmann, Axel"]
[Black "Morovic Fernandez, Ivan"]
[Result "0-1"]
[WhiteElo "2552"]
[BlackElo "2566"]
[PlyCount "114"]
[EventDate "2010.08.04"]
[EventType "tourn"]
[EventRounds "9"]
[EventCountry "ARG"]
[EventCategory "13"]
[Source "lmi"]
[SourceDate "2010.08.04"]

1. e4 e5 2. Nf3 Nc6 3. Bb5 Nge7 4. c3 a6 5. Ba4 d6 6. d4 Bd7 7. d5 Nb8 8. c4
Ng6 9. Nc3 Be7 10. Be3 O-O 11. Bxd7 Nxd7 12. O-O Nh4 13. Nxh4 Bxh4 14. Qd2 h6
15. b4 Bg5 16. a3 Bxe3 17. Qxe3 Qg5 18. Qd3 b6 19. f3 g6 20. Rac1 f5 21. Kh1
Nf6 22. exf5 Qxf5 23. Qe2 g5 24. c5 b5 25. Ra1 Rae8 26. Rae1 Qf4 27. Qc2 Kg7
28. Rc1 Ng4 29. g3 Qc4 30. Qd2 Qd4 31. Qe2 Ne3 32. Rfe1 Nc4 33. a4 g4 34. fxg4
Rf2 35. Qe4 Qd2 36. Ne2 Ref8 37. axb5 axb5 38. Rcd1 Qb2 39. g5 hxg5 40. h4 R8f5
41. hxg5 Rxg5 42. Kg1 Rf6 43. cxd6 Rxg3+ 44. Kh2 Rg5 45. Qh4 Rh6 46. Qxh6+ Kxh6
47. d7 Rg8 48. Rd3 Rd8 49. Rh3+ Kg5 50. Rg1+ Kf6 51. Rh6+ Ke7 52. Rg7+ Kf8 53.
Rg2 e4 54. Nf4 Qe5 55. Kg1 Qxf4 56. Rh8+ Ke7 57. Rg7+ Kd6 0-1

[Event "Masgistral Bicentenario Villa Martelli"]
[Site "Villa Martelli ARG"]
[Date "2010.08.09"]
[Round "6.1"]
[White "Flores, Diego"]
[Black "Morovic Fernandez, Ivan"]
[Result "1/2-1/2"]
[WhiteElo "2584"]
[BlackElo "2566"]
[PlyCount "59"]
[EventDate "2010.08.04"]
[EventType "tourn"]
[EventRounds "9"]
[EventCountry "ARG"]
[EventCategory "13"]
[Source "lmi"]
[SourceDate "2010.08.04"]

1. c4 e5 2. Nc3 Nf6 3. Nf3 Nc6 4. a3 d6 5. e3 g6 6. Be2 Bg7 7. O-O O-O 8. Qc2
a5 9. Rb1 Bf5 10. d3 Qd7 11. b4 axb4 12. axb4 Rfe8 13. Nd2 Bg4 14. b5 Ne7 15.
Bxg4 Nxg4 16. Nd5 Nf6 17. e4 Qd8 18. Bb2 Nfxd5 19. cxd5 c6 20. bxc6 bxc6 21.
dxc6 Rc8 22. Nc4 Nxc6 23. Qa4 Re7 24. Rfc1 Bh6 25. Rc2 Ra7 26. Qb5 Na5 27. Ra1
Rc5 28. Qa4 Nc6 29. Qb3 Rxa1+ 30. Bxa1 1/2-1/2